[Event "SRB Central-ch op-A 9th"]
[Site "Paracin"]
[Date "2016.07.07"]
[Round "1"]
[White "Bejatovic, Bojana"]
[Black "Radovic, Luka"]
[Result "1/2-1/2"]
[WhiteElo "2019"]
[BlackElo "2276"]
[PlyCount "182"]
[EventDate "2016.07.07"]
[EventType "swiss"]
[EventRounds "9"]
[EventCountry "SRB"]
[SourceTitle "CBM 173 Extra"]
[Source "ChessBase"]
[SourceDate "2016.08.29"]
[SourceVersion "1"]
[SourceVersionDate "2016.08.29"]
[SourceQuality "1"]

1. f4 g6 2. Nf3 Bg7 3. g3 c5 4. Bg2 Nc6 5. d3 d5 6. 0-0 e6 7. c3 Nge7 8. Qe1 b6 9. Na3 0-0 10. Bd2 a5 11. Rd1 Ba6 12. Nc2 Rc8 13. Bc1 Qc7 14. Rf2 d4 15. e4 dxe3 16. Bxe3 Nf5 17. d4 Nxe3 18. Qxe3 Ne7 19. Rfd2 Nf5 20. Qf2 Bb5 21. d5 exd5 22. Rxd5 Bc6 23. R5d2 Rfe8 24. g4 Nh6 25. Qg3 f5 26. g5 Nf7 27. Nfe1 Bf8 28. Bxc6 Qxc6 29. Ne3 Nd6 30. Qh3 Re6 31. Nd3 Bg7 32. Ne5 Bxe5 33. fxe5 Ne4 34. Rd7 h5 35. gxh6 Rxe5 36. h7+ Kh8 37. Qh6 Qf6 38. Nd5 Qf8 39. Qxg6 f4 40. Rf7 Rg5+ 41. Qxg5 Nxg5 42. Rxf8+ Rxf8 43. Ne7 Kxh7 44. Rd5 Kh6 45. Nf5+ Kg6 46. Nh4+ Kh6 47. Nf5+ Kh7 48. Nh4 Nh3+ 49. Kg2 f3+ 50. Kf1 f2 51. Rh5+ Kg8 52. Nf5 Nf4 53. Rg5+ Kh7 54. Rg7+ Kh8 55. Rg5 Nd3 56. Rh5+ Kg8 57. Ne7+ Kf7 58. Rh3 c4 59. Nd5 Re8 60. Ne3 b5 61. b3 b4 62. bxc4 bxc3 63. Rf3+ Ke6 64. Nc2 Rd8 65. h4 Ke5 66. h5 Ke4 67. Re3+ Kf4 68. h6 Ne5 69. Rxc3 Ng4 70. Kg2 Rd1 71. Rf3+ Ke4 72. Nd4 Rxd4 73. h7 Rd8 74. Kg3 Ne5 75. Rxf2 Rh8 76. Rh2 Nxc4 77. Kg4 Ne5+ 78. Kg3 Kf5 79. Rh5+ Ke4 80. Rh4+ Ke3 81. Rh5 Kd4 82. Kf4 Nc4 83. Kf5 a4 84. Kg6 Kc3 85. Rh2 a3 86. Kg7 Ra8 87. h8Q Rxh8 88. Kxh8 Ne5 89. Rh7 Kb2 90. Ra7 Kxa2 91. Rxa3+ Kxa3 1/2-1/2